000 00602nam a2200229Ia 4500
003 OSt
005 20220918214409.0
006 a|||||r|||| 00| 0
007 ta
008 220917b |||||||| |||| 00| 0 eng d
024 _a137,254
037 _cTextual
040 _aARTS
_cARTS
_beng
041 _2eng
_aeng
082 _aYu, L8
100 _aRossides Daniel W
_9131172
245 0 _aHistory and nature of sociological theory
260 _aBoston
_bHoughton Miffline
_c1978
650 _aSOCIOLOGY
942 _hYu, L8
_cTEXL
_2CC
999 _c260338
_d260338